Every Song by Fitz and the Tantrums - Statistics

General Stats
  • This quiz has been taken 3 times
  • The average score is 7 of 79
Answer Stats
Album Song % Correct
Fitz and the Tantrums(2016) HandClap
100%
More Than Just a Dream(2013) Out of My League
100%
All the Feels(2019) All the Feels
67%
Fitz and the Tantrums(Bonus)(2016) Fool
67%
More Than Just a Dream(2013) Fools Gold
67%
Let Yourself Free(2022) Let Yourself Free
67%
Pickin' Up the Pieces(2010) Pickin' Up the Pieces
67%
More Than Just a Dream(2013) The Walker
67%
All the Feels(2019) I Just Wanna Shine
33%
Perfect Holiday(2023) Perfect Holiday
33%
Santa Stole My Lady(2010) Santa Stole My Lady
33%
All the Feels(2019) 123456
0%
Let Yourself Free(Bonus)(2023) 24
0%
More Than Just a Dream(2013) 6am
0%
Let Yourself Free(2022) Ahhhh
0%
All the Feels(2019) Ain't Nobody But Me
0%
Fitz and the Tantrums(2016) A Place for Us
0%
All the Feels(2019) Basement
0%
All the Feels(2019) Belladonna
0%
Let Yourself Free(2022) Big Love
0%
Pickin' Up the Pieces(2010) Breakin' the Chains of Love
0%
More Than Just a Dream(2013) Break the Walls
0%
Fitz and the Tantrums(2016) Burn It Down
0%
Perfect Holiday(2023) Caroling
0%
Fitz and the Tantrums(2016) Complicated
0%
All the Feels(2019) Dark Days
0%
Pickin' Up the Pieces(2010) Dear Mr. President
0%
Songs for a Breakup, Vol. 1(2009) Darkest Street
0%
All the Feels(2019) Don't Ever Let Em
0%
Pickin' Up the Pieces(2010) Don't Gotta Work It Out
0%
Fitz and the Tantrums(2016) Do What You Want
0%
Fitz and the Tantrums(2016) Fadeback
0%
Let Yourself Free(Bonus)(2023) Fancy
0%
Let Yourself Free(Bonus)(2023) Feeling Good
0%
More Than Just a Dream(2013) Get Away
0%
Let Yourself Free(Bonus)(2023) Get on Up
0%
Fitz and the Tantrums(2016) Get Right Back
0%
Perfect Holiday(2023) Give Love This Year
0%
Let Yourself Free(2022) Good Intentions
0%
Let Yourself Free(2022) Good Nights
0%
All the Feels(2019) Hands Up
0%
Let Yourself Free(2022) Heaven
0%
More Than Just a Dream(2013) House on Fire
0%
All the Feels(2019) I Need Help!
0%
Let Yourself Free(2022) Is It Love
0%
More Than Just a Dream(2013) Keepin Our Eyes Out
0%
All the Feels(2019) Kiss the Sky
0%
More Than Just a Dream(2013) Last Raindrop
0%
All the Feels(2019) Livin' for the Weekend
0%
Pickin' Up the Pieces(2010) L.O.V.
0%
All the Feels(2019) Maybe Yes
0%
More Than Just a Dream(2013) MerryGoRound
0%
Pickin' Up the Pieces(2010) MoneyGrabber
0%
Let Yourself Free(2022) Moneymaker
0%
Pickin' Up the Pieces(2010) News 4 U
0%
Non-Album(2024) No Goodbyes (Friends Forever)
0%
All the Feels(2019) OCD
0%
Let Yourself Free(Bonus)(2023) On My Way
0%
All the Feels(2019) Ready or Not
0%
Pickin' Up the Pieces(2010) Rich Girls
0%
Fitz and the Tantrums(2016) Roll Up
0%
Fitz and the Tantrums(2016) Run It
0%
Let Yourself Free(2022) Silver Platter
0%
Let Yourself Free(2022) Someday
0%
Perfect Holiday(2023) Some Kind of Christmas
0%
Let Yourself Free(Bonus)(2023) So What
0%
More Than Just a Dream(2013) Spark
0%
Let Yourself Free(2022) Steppin' on Me
0%
All the Feels(2019) Stop
0%
All the Feels(2019) SuperMagik
0%
Let Yourself Free(2022) Sway
0%
More Than Just a Dream(Bonus)(2013) Tell Me What Ya Here For
0%
More Than Just a Dream(2013) The End
0%
Pickin' Up the Pieces(2010) Tighter
0%
Fitz and the Tantrums(2016) Tricky
0%
Fitz and the Tantrums(2016) Walking Target
0%
Songs for a Breakup, Vol. 1(2009) We Don't Need Love Songs
0%
Pickin' Up the Pieces(2010) Winds of Change
0%
Perfect Holiday(2023) World Without Christmas
0%
No matching quizzes found
Score Distribution
Percent of People with Each Score
Percentile by Number Answered
Your Score History
You have not taken this quiz